Type the missing letter - U.S. State Capitals - Statistics

General Stats
  • This quiz has been taken 57 times
  • The average score is 10 of 20
Answer Stats
State Capital % Correct
Montg{o}mery
90%
A{t}lanta
77%
Ja{c}kson
75%
Saint P{a}ul
70%
Bisma{r}ck
69%
Carso{n} City
69%
{P}ierre
67%
Au{g}usta
64%
J{e}fferson City
64%
Do{v}er
62%
Indiana{p}olis
58%
Bosto{n}
57%
Ol{y}mpia
57%
Sacr{a}mento
57%
Raleig{h}
55%
Mont{p}elier
54%
Columb{i}a
50%
Col{u}mbus
50%
Des {M}oines
50%
Frank{f}ort
50%
Harris{b}urg
50%
Honol{u}lu
50%
{J}uneau
50%
Lin{c}oln
50%
Little {R}ock
50%
Madis{o}n
50%
Phoeni{x}
50%
Rich{m}ond
50%
Concor{d}
47%
{T}renton
47%
Alban{y}
45%
Char{l}eston
43%
Che{y}enne
42%
Tope{k}a
42%
{B}aton Rouge
40%
Nashvil{l}e
38%
Santa {F}e
38%
Provi{d}ence
36%
Bo{i}se
33%
Sale{m}
33%
Lan{s}ing
31%
Annapoli{s}
30%
Okla{h}oma City
30%
Salt La{k}e City
30%
Hart{f}ord
25%
Tal{l}ahassee
25%
Sprin{g}field
23%
Au{s}tin
22%
Den{v}er
22%
H{e}lena
21%
No matching quizzes found
Score Distribution
Percent of People with Each Score
Percentile by Number Answered
Your Score History
You have not taken this quiz